Statistiques concernant Les films se déroulant dans l'espace

Cliquez ici pour prendre le quiz!

Statistiques générales

  • Ce quiz a été pris 177 fois
  • Le résultat moyen est 12 sur 20

Statistiques - réponses

Réponse% Correct
Avatar
100%
Star Wars, épisode : Un nouvel espoir
99%
Wall-E
93%
Les Gardiens de la galaxie
90%
Buzz l'Éclair
89%
Dune
89%
Interstellar
89%
Les Quatre Fantastiques
85%
Seul sur Mars
76%
Gravity
67%
Alien : Le 8ème Passager
66%
Le Cinquième Élément
66%
Valérian et la Cité des mille planètes
56%
2001 : L'Odyssée de l'espace
50%
Apollo 13
39%
Passengers
39%
First Man - Le Premier Homme sur la Lune
20%
Space Cowboys
11%
Moon
10%
Moonfall
7%

Distribution des résultats

Percentile par nombre de réponses

% des personnes avec chaque résultat

Votre développement - résultats

Vous n’avez pas pris ce quiz